000 00300nam a22001337a 4500
008 171101b xxu||||| |||| 00| 0 eng d
020 _a9780262111485
041 _aeng
080 _a339
100 _a59
101 _aTRE
245 _aRETHINKING INTERNATIONAL TRADE
_cPAUL.R.K
942 _2udc
_cBK
999 _c37025
_d37025